[Event "Titled Tuesday intern op 02nd Apr Early"]
[Site "Chess.com INT"]
[Date "2024.04.02"]
[Round "1"]
[White "Bilic, Vladimir"]
[Black "Srivatsan, Karthikeyan"]
[Result "0-1"]
[WhiteElo "2328"]
[BlackElo "1841"]
[PlyCount "42"]
[EventDate "2024.04.02"]
[EventType "swiss (blitz)"]
[EventRounds "11"]
[EventCountry "USA"]
[SourceTitle "CB15_2024"]
[SourceDate "2024.04.10"]
[SourceVersion "1"]
[SourceVersionDate "2024.04.10"]
[SourceQuality "1"]

1. e4 e5 2. Nf3 Nc6 3. d4 exd4 4. Nxd4 Nf6 5. Nxc6 bxc6 6. Nd2 d5 7. Bd3 dxe4 8. Nxe4 Nxe4 9. Bxe4 Qxd1+ 10. Kxd1 Bg4+ 11. f3 0-0-0+ 12. Ke2 Be6 13. Bxc6 Bc5 14. Be3 Bc4+ 15. Kf2 Rd2+ 16. Kg3 Bxe3 17. b3 Be6 18. c4 Rhd8 19. h4 h6 20. h5 Bd4 21. f4 Bxa1 0-1

[Event "Titled Tuesday intern op 02nd Apr Late"]
[Site "Chess.com INT"]
[Date "2024.04.02"]
[Round "1"]
[White "Bilic, Vladimir"]
[Black "Valiyev, Shahin"]
[Result "0-1"]
[WhiteElo "2328"]
[BlackElo "2244"]
[PlyCount "74"]
[EventDate "2024.04.02"]
[EventType "swiss (blitz)"]
[EventRounds "11"]
[EventCountry "USA"]
[SourceTitle "CB15_2024"]
[SourceDate "2024.04.10"]
[SourceVersion "1"]
[SourceVersionDate "2024.04.10"]
[SourceQuality "1"]

1. e4 c5 2. Nf3 d6 3. d4 cxd4 4. Qxd4 Nc6 5. Bb5 Bd7 6. Bxc6 Bxc6 7. Bg5 Qc7 8. Nc3 e5 9. Qd3 Be7 10. 0-0-0 Rd8 11. Nd5 Bxd5 12. Qxd5 Bxg5+ 13. Nxg5 Nf6 14. Qd3 0-0 15. h4 h6 16. Qh3 Rc8 17. c3 Qc4 18. f3 Qxa2 19. Rxd6 Nh5 20. Kc2 Qa4+ 21. Kb1 Rxc3 22. Rd2 Rc6 23. Qf5 hxg5 24. hxg5 g6 25. Qh3 Ra6 26. Kc1 Qa1+ 27. Kc2 Rc6+ 28. Kd3 Qa4 29. Ke2 Nf4+ 30. Kf2 Nxh3+ 31. Rxh3 Rc2 32. Kg3 Rxd2 33. Kg4 Rxg2+ 34. Kh4 Kg7 35. Rg3 Rh8+ 36. Kg4 Rxg3+ 37. Kxg3 Qc2 0-1

[Event "Titled Tuesday intern op 12th Mar Early"]
[Site "Chess.com INT"]
[Date "2024.03.12"]
[Round "5"]
[White "Bilic, Vladimir"]
[Black "Labussiere, Yago"]
[Result "1-0"]
[WhiteElo "2336"]
[BlackElo "2184"]
[PlyCount "65"]
[EventDate "2024.03.12"]
[EventType "swiss (blitz)"]
[EventRounds "11"]
[EventCountry "USA"]
[SourceTitle "CB12_2024"]
[SourceDate "2023.10.01"]
[SourceVersion "1"]
[SourceVersionDate "2023.10.01"]
[SourceQuality "1"]

1. e4 c5 2. Nf3 Nc6 3. d4 cxd4 4. Nxd4 Nf6 5. Nc3 e5 6. Ndb5 d6 7. Bg5 a6 8. Na3 b5 9. Nd5 Be7 10. Bxf6 Bxf6 11. Nb1 Bg5 12. a4 b4 13. Nd2 0-0 14. Nc4 Rb8 15. Bd3 Be6 16. Nce3 Bxe3 17. Nxe3 a5 18. 0-0 Ne7 19. Bc4 Rc8 20. Bxe6 fxe6 21. Qg4 Rf6 22. Rfd1 Qb6 23. Rd2 Rcf8 24. Rf1 Qc5 25. Qd1 Nc8 26. Qe2 Rf4 27. Nc4 R8f7 28. b3 h6 29. g3 R4f6 30. Kg2 Kh7 31. Qe3 Qxe3 32. Nxe3 Rc7 33. Nc4 1-0

[Event "Titled Tuesday intern op 12th Mar Early"]
[Site "Chess.com INT"]
[Date "2024.03.12"]
[Round "10"]
[White "Bilic, Vladimir"]
[Black "Shubenkova, Veronika"]
[Result "1-0"]
[WhiteElo "2336"]
[BlackElo "2007"]
[PlyCount "85"]
[EventDate "2024.03.12"]
[EventType "swiss (blitz)"]
[EventRounds "11"]
[EventCountry "USA"]
[SourceTitle "CB12_2024"]
[SourceDate "2023.10.01"]
[SourceVersion "1"]
[SourceVersionDate "2023.10.01"]
[SourceQuality "1"]

1. e4 e6 2. d4 d5 3. Nd2 b6 4. exd5 exd5 5. Ngf3 Nf6 6. Bd3 Qe7+ 7. Qe2 Qxe2+ 8. Kxe2 Bd6 9. Ne5 Nbd7 10. Ndf3 a6 11. Bg5 0-0 12. Rhe1 h6 13. Bh4 Nh5 14. Kf1 Nf4 15. Bg3 Nxd3 16. Nxd3 Bxg3 17. hxg3 a5 18. Nde5 Nf6 19. Nd2 Ba6+ 20. Kg1 c5 21. dxc5 bxc5 22. Nb3 Rfb8 23. Rab1 Bc4 24. Nxc4 dxc4 25. Nxc5 Rb5 26. Ne4 Nxe4 27. Rxe4 c3 28. b3 a4 29. Rc4 a3 30. Rxc3 Rb4 31. Rd3 Rc8 32. c3 Re4 33. Kf1 Rc5 34. b4 Rh5 35. Kg1 Re2 36. c4 Rxa2 37. b5 Rc5 38. b6 Rb2 39. Rxb2 axb2 40. Rb3 Rxc4 41. b7 Rc1+ 42. Kh2 b1Q 43. b8Q+ 1-0

[Event "Titled Tuesday intern op 12th Mar Early"]
[Site "Chess.com INT"]
[Date "2024.03.12"]
[Round "4"]
[White "Zakhartsov, Vladimir"]
[Black "Bilic, Vladimir"]
[Result "1-0"]
[WhiteElo "2504"]
[BlackElo "2336"]
[PlyCount "101"]
[EventDate "2024.03.12"]
[EventType "swiss (blitz)"]
[EventRounds "11"]
[EventCountry "USA"]
[SourceTitle "CB12_2024"]
[SourceDate "2023.10.01"]
[SourceVersion "1"]
[SourceVersionDate "2023.10.01"]
[SourceQuality "1"]

1. d4 d5 2. c4 c6 3. cxd5 cxd5 4. Bf4 Nc6 5. e3 Nf6 6. Bb5 Bd7 7. Nf3 Qa5+ 8. Nc3 Ne4 9. Qb3 Nxc3 10. bxc3 e6 11. 0-0 Be7 12. c4 dxc4 13. Bxc4 Qb4 14. Qxb4 Bxb4 15. Rab1 b6 16. d5 exd5 17. Bxd5 Bc5 18. Ne5 Rc8 19. Bxf7+ Ke7 20. Nxd7 Kxd7 21. Rfd1+ Ke7 22. Bd5 Nb4 23. Bb3 Nc6 24. g4 h6 25. h4 Rhd8 26. g5 Bd6 27. gxh6 Bxf4 28. Rxd8 Nxd8 29. hxg7 Ne6 30. Bxe6 Kxe6 31. exf4 Rg8 32. Rb5 Rxg7+ 33. Rg5 Rb7 34. h5 b5 35. h6 a5 36. Rh5 Rb8 37. h7 Rh8 38. Rxb5 Rxh7 39. Rxa5 Rb7 40. Kg2 Rb2 41. Kg3 Kf6 42. Ra8 Kf5 43. a4 Rb3+ 44. f3 Rb1 45. a5 Rg1+ 46. Kf2 Ra1 47. a6 Kg6 48. a7 Kg7 49. f5 Ra3 50. f6+ Kh7 51. f7 1-0

[Event "BIH-chT 21st"]
[Site "Sarajevo"]
[Date "2023.11.07"]
[Round "8.4"]
[White "Cunjalo, Faris"]
[Black "Bilic, Vladimir"]
[Result "1/2-1/2"]
[WhiteElo "2197"]
[BlackElo "2365"]
[PlyCount "36"]
[EventDate "2023.10.31"]
[EventType "team-tourn"]
[EventRounds "9"]
[EventCountry "BIH"]
[SourceTitle "Mega2024 Update 01"]
[Source "Chessbase"]
[SourceDate "2023.11.12"]
[SourceVersion "1"]
[SourceVersionDate "2023.11.12"]
[SourceQuality "1"]
[WhiteTeam "Busovaca Hrasno"]
[BlackTeam "Sarajevo SK"]
[WhiteTeamCountry "BIH"]
[BlackTeamCountry "BIH"]

1. d4 d5 2. c4 dxc4 3. Nf3 e6 4. e3 c5 5. Bxc4 Nc6 6. 0-0 cxd4 7. Nxd4 Bd7 8. Nc3 Nf6 9. b3 Be7 10. Bb2 0-0 11. Nxc6 Bxc6 12. Qxd8 Rfxd8 13. Rfd1 a6 14. Rxd8+ Rxd8 15. Rd1 Rc8 16. Kf1 Kf8 17. f3 Ke8 18. e4 Bf8 1/2-1/2

[Event "BIH-chT 20th"]
[Site "Neum"]
[Date "2022.09.18"]
[Round "9.2"]
[White "Bilic, Vladimir"]
[Black "Jakovljevic, Vlado"]
[Result "1/2-1/2"]
[WhiteElo "2336"]
[BlackElo "2369"]
[PlyCount "36"]
[EventDate "2022.09.10"]
[EventType "team-tourn"]
[EventRounds "9"]
[EventCountry "BIH"]
[SourceTitle "CBM 210 Extra"]
[Source "ChessBase"]
[SourceDate "2022.11.30"]
[SourceVersion "1"]
[SourceVersionDate "2022.11.30"]
[SourceQuality "1"]
[WhiteTeam "Sarajevo SK"]
[BlackTeam "Pazaric Bjelasnica"]
[WhiteTeamCountry "BIH"]
[BlackTeamCountry "BIH"]

1. e4 c5 2. Nf3 d6 3. Bb5+ Nd7 4. 0-0 a6 5. Bd3 Ngf6 6. Re1 b5 7. c4 b4 8. a3 bxa3 9. Rxa3 e5 10. Nc3 Be7 11. Bf1 0-0 12. d3 Nb8 13. h3 Nc6 14. g3 Rb8 15. Bg2 Nb4 16. Na2 Nc6 17. Nc3 Nb4 18. Na2 Nc6 1/2-1/2

[Event "BIH-chT 20th"]
[Site "Neum"]
[Date "2022.09.16"]
[Round "7.1"]
[White "Bilic, Vladimir"]
[Black "Dizdarevic, Emir"]
[Result "1/2-1/2"]
[WhiteElo "2336"]
[BlackElo "2378"]
[PlyCount "109"]
[EventDate "2022.09.10"]
[EventType "team-tourn"]
[EventRounds "9"]
[EventCountry "BIH"]
[SourceTitle "CBM 210 Extra"]
[Source "ChessBase"]
[SourceDate "2022.11.30"]
[SourceVersion "1"]
[SourceVersionDate "2022.11.30"]
[SourceQuality "1"]
[WhiteTeam "Sarajevo SK"]
[BlackTeam "Sarajevo Napredak"]
[WhiteTeamCountry "BIH"]
[BlackTeamCountry "BIH"]

1. e4 e6 2. d4 d5 3. Nd2 c5 4. exd5 Qxd5 5. dxc5 Qxc5 6. Ngf3 Nf6 7. Bd3 Qc7 8. 0-0 Be7 9. b3 0-0 10. Bb2 Nbd7 11. c4 b6 12. Qe2 Bb7 13. Ne4 h6 14. Ng3 Bxf3 15. Qxf3 Ne5 16. Qe2 Nxd3 17. Qxd3 Rad8 18. Qe2 Rd7 19. Rfd1 Rfd8 20. Nf1 Qf4 21. Bxf6 Qxf6 22. Rxd7 Rxd7 23. Rd1 Rxd1 24. Qxd1 Bc5 25. Qc2 a5 26. Ne3 h5 27. g3 Qe5 28. Qe2 g6 29. h4 Qe4 30. Qc2 Qe5 31. Qe2 Kf8 32. Kf1 Qe4 33. Qc2 Qe5 34. Qd2 Kg7 35. Ke2 Bb4 36. Qc1 Bc5 37. Qd2 Qa1 38. Nd1 Qe5+ 39. Ne3 Kf8 40. Kf3 Qa1 41. Nd1 Qe5 42. Ne3 Ke8 43. Ke2 Kf8 44. Kf3 Bb4 45. Qc2 Qa1 46. Ke2 Qe1+ 47. Kf3 Bc5 48. Qd3 Ke7 49. Nd1 Bb4 50. Ne3 Qh1+ 51. Ke2 Qa1 52. Qc2 Bc5 53. Qd2 Qe5 54. Kf3 Qa1 55. Ke2 1/2-1/2

[Event "BIH-chT 19th"]
[Site "Neum"]
[Date "2021.09.18"]
[Round "2.4"]
[White "Dizdarevic, Emir"]
[Black "Bilic, Vladimir"]
[Result "1/2-1/2"]
[WhiteElo "2417"]
[BlackElo "2332"]
[PlyCount "80"]
[EventDate "2021.09.17"]
[EventType "team-tourn"]
[EventRounds "9"]
[EventCountry "BIH"]
[SourceTitle "EXT 2023"]
[Source "ChessBase"]
[SourceDate "2022.10.05"]
[SourceVersion "1"]
[SourceVersionDate "2022.10.05"]
[SourceQuality "1"]
[WhiteTeam "Sarajevo Napredak"]
[BlackTeam "Brcko Jedinstvo"]
[WhiteTeamCountry "BIH"]
[BlackTeamCountry "BIH"]

1. Nf3 d5 2. g3 Nf6 3. Bg2 e6 4. 0-0 Be7 5. d4 0-0 6. Bf4 Nbd7 7. Nbd2 b6 8. c4 Bb7 9. Rc1 c5 10. dxc5 Nxc5 11. Be5 Rc8 12. b3 Qd7 13. Rc2 Rfd8 14. Qa1 Qe8 15. cxd5 Bxd5 16. Rfc1 Na6 17. Nf1 Rxc2 18. Rxc2 Rc8 19. Rxc8 Qxc8 20. Ne3 Bb7 21. Ne1 Bxg2 22. Kxg2 Nb4 23. Qb2 Qc6+ 24. f3 Ne8 25. Qd2 f6 26. Ba1 Nc7 27. Nd1 Qd5 28. Qxd5 Bd6 29. a3 Nc6 30. Nc2 Na5 31. b4 Nc4 32. a4 Kf7 33. e4 b5 34. axb5 Nxb5 35. Nf2 a5 36. bxa5 Nxa5 37. f4 Nb3 38. Bb2 Nd2 39. Bc1 Nb3 40. Be3 Bc5 1/2-1/2

[Event "Sarajevo Bosna op 49th"]
[Site "Sarajevo"]
[Date "2019.05.01"]
[Round "7"]
[White "Marn, Jan"]
[Black "Bilic, Vladimir"]
[Result "1-0"]
[WhiteElo "2150"]
[BlackElo "2343"]
[PlyCount "87"]
[EventDate "2019.04.27"]
[EventType "swiss"]
[EventRounds "9"]
[EventCountry "BIH"]
[SourceTitle "CBM 190 Extra"]
[Source "ChessBase"]
[SourceDate "2019.07.15"]
[SourceVersion "1"]
[SourceVersionDate "2019.07.15"]
[SourceQuality "1"]

1. d4 d5 2. c4 c6 3. Nf3 Nf6 4. Nc3 a6 5. a4 e6 6. g3 dxc4 7. Bg2 c5 8. dxc5 Qxd1+ 9. Nxd1 Bxc5 10. Ne5 Ke7 11. 0-0 Nd5 12. Ne3 Nxe3 13. Bxe3 Nd7 14. Nxc4 Bxe3 15. fxe3 Rb8 16. Rac1 b6 17. b4 Nf6 18. Ne5 Bd7 19. Rc7 Kd6 20. Nxf7+ Kxc7 21. Rc1+ Bc6 22. Nxh8 Rxh8 23. Rxc6+ Kd7 24. Rxb6 Rc8 25. h3 Rc1+ 26. Kf2 Rb1 27. Rxa6 Rxb4 28. a5 g5 29. Ra7+ Kd6 30. Rg7 h6 31. a6 Ra4 32. a7 Nd5 33. e4 Nb6 34. e5+ Kxe5 35. Bc6 Ra2 36. Rb7 Nd5 37. Rh7 Nb6 38. g4 Kd6 39. Bf3 Ke5 40. Rxh6 Rxa7 41. Rg6 Rh7 42. Rxg5+ Kf6 43. Rb5 Nc4 44. g5+ 1-0

[Event "Sarajevo Bosna op 49th"]
[Site "Sarajevo"]
[Date "2019.04.30"]
[Round "6"]
[White "Bilic, Vladimir"]
[Black "Bucan, Eldin"]
[Result "1-0"]
[WhiteElo "2343"]
[BlackElo "2135"]
[PlyCount "81"]
[EventDate "2019.04.27"]
[EventType "swiss"]
[EventRounds "9"]
[EventCountry "BIH"]
[SourceTitle "CBM 190 Extra"]
[Source "ChessBase"]
[SourceDate "2019.07.15"]
[SourceVersion "1"]
[SourceVersionDate "2019.07.15"]
[SourceQuality "1"]

1. e4 c5 2. Nf3 Nc6 3. d4 cxd4 4. Nxd4 Nf6 5. Nc3 e5 6. Ndb5 d6 7. a4 Be7 8. Bg5 Be6 9. Bxf6 gxf6 10. Nd5 Bxd5 11. exd5 Nb8 12. Bd3 Nd7 13. 0-0 a6 14. Na3 Nf8 15. Nc4 Ng6 16. Ne3 Qc7 17. Ra3 Bd8 18. g3 Ne7 19. Qf3 Qd7 20. Qxf6 0-0 21. Bf5 Nxf5 22. Qxf5 Qxf5 23. Nxf5 Rc8 24. c3 Rc5 25. Rd1 Bc7 26. Kg2 Bb8 27. Rb3 b5 28. axb5 axb5 29. Ra1 h5 30. Ra5 Kh7 31. Raxb5 Rcc8 32. Ne7 Rce8 33. Nc6 Bc7 34. Rb7 Bd8 35. Rd7 Bg5 36. Rbb7 Kg7 37. Rxd6 e4 38. Re6 Rxe6 39. dxe6 Kf6 40. e7 Re8 41. Rd7 1-0

[Event "BIH-chT1"]
[Site "Dvorovi"]
[Date "2016.08.10"]
[Round "5"]
[White "Stojanovic, Dobrisav"]
[Black "Bilic, Vladimir"]
[Result "1/2-1/2"]
[WhiteElo "2313"]
[BlackElo "2308"]
[PlyCount "31"]
[EventDate "2016.08.06"]
[EventType "team-tourn"]
[EventRounds "9"]
[EventCountry "BIH"]
[SourceTitle "CBM 174 Extra"]
[Source "ChessBase"]
[SourceDate "2016.10.10"]
[SourceVersion "1"]
[SourceVersionDate "2016.10.10"]
[SourceQuality "1"]

1. d4 d5 2. c4 c6 3. Nf3 Nf6 4. Nc3 a6 5. e3 b5 6. b3 Bf5 7. Be2 h6 8. 0-0 e6 9. Ne5 Bd6 10. f4 0-0 11. Bd2 Ne4 12. Nxe4 Bxe4 13. Qe1 f6 14. Nd3 Nd7 15. c5 Be7 16. Nf2 1/2-1/2

[Event "BIH-chT1"]
[Site "Dvorovi"]
[Date "2016.08.07"]
[Round "2"]
[White "Bilic, Vladimir"]
[Black "Mikanovic, Sandro"]
[Result "1/2-1/2"]
[WhiteElo "2308"]
[BlackElo "2219"]
[PlyCount "95"]
[EventDate "2016.08.06"]
[EventType "team-tourn"]
[EventRounds "9"]
[EventCountry "BIH"]
[SourceTitle "CBM 174 Extra"]
[Source "ChessBase"]
[SourceDate "2016.10.10"]
[SourceVersion "1"]
[SourceVersionDate "2016.10.10"]
[SourceQuality "1"]

1. e4 g6 2. d4 Bg7 3. Nf3 d6 4. Bd3 e5 5. c3 Nc6 6. dxe5 dxe5 7. 0-0 Nf6 8. Qc2 Bg4 9. Nbd2 0-0 10. h3 Bd7 11. Nc4 Re8 12. Rd1 Qc8 13. Bf1 Nh5 14. Kh2 h6 15. a4 a5 16. Be3 Be6 17. Na3 Nf4 18. Nb5 g5 19. Ng1 b6 20. Rd2 Qb7 21. Rad1 Rad8 22. g3 Ng6 23. Ne2 Rxd2 24. Rxd2 Na7 25. Nc1 Nxb5 26. axb5 Bf6 27. c4 c6 28. Ne2 Rd8 29. Nc3 Rxd2 30. Qxd2 c5 31. Nd5 Bd8 32. Qd1 Kg7 33. Be2 Qd7 34. Bg4 Nf8 35. Qf3 Nh7 36. Qd1 Bxg4 37. hxg4 Nf6 38. f3 Nh7 39. Bd2 Nf6 40. Bc3 Nxd5 41. exd5 Bc7 42. Qd3 f6 43. Kg2 Bd6 44. b3 Qc8 45. Kf2 Qd7 46. Qf5 Qxf5 47. gxf5 h5 48. g4 1/2-1/2

[Event "BIH-chT 14th"]
[Site "Prijedor"]
[Date "2015.09.12"]
[Round "8.3"]
[White "Bilic, Vladimir"]
[Black "Stojanovic, Dalibor"]
[Result "0-1"]
[WhiteElo "2317"]
[BlackElo "2499"]
[PlyCount "145"]
[EventDate "2015.09.05"]
[EventType "team-tourn"]
[EventRounds "9"]
[EventCountry "BIH"]
[SourceTitle "EXT 2016"]
[Source "ChessBase"]
[SourceDate "2015.10.08"]
[SourceVersion "1"]
[SourceVersionDate "2015.10.08"]
[SourceQuality "1"]
[WhiteTeam "Sokolac Glasinac"]
[BlackTeam "Siroki Brijeg"]
[WhiteTeamCountry "BIH"]
[BlackTeamCountry "BIH"]

1. e4 c5 2. Nf3 Nc6 3. c4 d6 4. h3 g6 5. d4 cxd4 6. Nxd4 Nf6 7. Nc3 Nxd4 8. Qxd4 Bg7 9. Be3 0-0 10. Qd2 Be6 11. Rc1 Qa5 12. Bd3 Rfc8 13. Nd5 Qd8 14. 0-0 Nd7 15. Nf4 Nf8 16. Rfd1 a5 17. b3 Nd7 18. Nxe6 fxe6 19. Be2 Nc5 20. Qc2 Qf8 21. h4 Bh6 22. Bxh6 Qxh6 23. g3 e5 24. Bg4 Rf8 25. Re1 Rf6 26. Rcd1 Qf8 27. h5 Qh6 28. hxg6 hxg6 29. Kg2 Qg5 30. f3 Kg7 31. Qe2 Rff8 32. Rh1 Rh8 33. Rxh8 Rxh8 34. Qd2 Qxd2+ 35. Rxd2 Rb8 36. Kf2 b5 37. cxb5 Rxb5 38. Ke3 Rb4 39. Bh3 a4 40. bxa4 Rxa4 41. Bf1 Ra3+ 42. Kf2 g5 43. g4 Rc3 44. Be2 Ne6 45. Bd1 Nd4 46. Rb2 Kf6 47. Rd2 Ke6 48. Rb2 Kf6 49. Rd2 Ke6 50. Rb2 Kf7 51. Bb3+ Kf6 52. Bd1 e6 53. Rd2 d5 54. Rb2 Ke7 55. a4 Ra3 56. Kg2 Kd6 57. Kf2 Kc5 58. Rd2 Kb4 59. exd5 exd5 60. Be2 Rxa4 61. Bf1 Ra3 62. Be2 Rc3 63. Rb2+ Kc5 64. Bd1 Rc1 65. Ba4 Ra1 66. Bc2 Kc4 67. Bh7 Ra3 68. Rb8 Rxf3+ 69. Kg2 Rf4 70. Rc8+ Kb4 71. Bg8 Rxg4+ 72. Kf2 Rf4+ 73. Ke3 0-1

[Event "BIH-chT 14th"]
[Site "Prijedor"]
[Date "2015.09.11"]
[Round "7.3"]
[White "Savanovic, Aleksandar"]
[Black "Bilic, Vladimir"]
[Result "1-0"]
[WhiteElo "2435"]
[BlackElo "2317"]
[PlyCount "99"]
[EventDate "2015.09.05"]
[EventType "team-tourn"]
[EventRounds "9"]
[EventCountry "BIH"]
[SourceTitle "EXT 2016"]
[Source "ChessBase"]
[SourceDate "2015.10.08"]
[SourceVersion "1"]
[SourceVersionDate "2015.10.08"]
[SourceQuality "1"]
[WhiteTeam "Sarajevo Napredak"]
[BlackTeam "Sokolac Glasinac"]
[WhiteTeamCountry "BIH"]
[BlackTeamCountry "BIH"]

1. b3 d5 2. Bb2 c5 3. e3 e6 4. Nf3 Nf6 5. Ne5 Be7 6. f4 0-0 7. Qf3 Nc6 8. Nxc6 bxc6 9. Bd3 a5 10. Nc3 Ba6 11. Bxa6 Rxa6 12. Qe2 Ra7 13. Na4 Nd7 14. Ba3 Rb7 15. c4 e5 16. 0-0 exf4 17. Rxf4 Bd6 18. Rff1 Qe7 19. Rac1 Rc7 20. g3 g6 21. cxd5 cxd5 22. Nc3 Nb6 23. Qf3 Qe6 24. Nb5 Rcc8 25. Nxd6 Qxd6 26. Qf6 Qd8 27. Qxd8 Rfxd8 28. Bxc5 Nd7 29. Bd4 f6 30. Bc3 a4 31. bxa4 Kf7 32. Rb1 Rc6 33. Rb7 Ke6 34. a5 h5 35. Rfb1 Ra8 36. Kf1 h4 37. gxh4 Rh8 38. R1b4 Ra8 39. Rg4 Kf5 40. h3 Ne5 41. Rf4+ Ke6 42. Rb6 Ra6 43. Rxc6+ Rxc6 44. Bxe5 fxe5 45. Rg4 Rc1+ 46. Ke2 e4 47. Rxg6+ Kd7 48. a6 Ra1 49. h5 Rxa2 50. h6 1-0

[Event "BIH-chT 14th"]
[Site "Prijedor"]
[Date "2015.09.10"]
[Round "6.4"]
[White "Bilic, Vladimir"]
[Black "Milekic, Daniel"]
[Result "1/2-1/2"]
[WhiteElo "2317"]
[BlackElo "2250"]
[PlyCount "33"]
[EventDate "2015.09.05"]
[EventType "team-tourn"]
[EventRounds "9"]
[EventCountry "BIH"]
[SourceTitle "EXT 2016"]
[Source "ChessBase"]
[SourceDate "2015.10.08"]
[SourceVersion "1"]
[SourceVersionDate "2015.10.08"]
[SourceQuality "1"]
[WhiteTeam "Sokolac Glasinac"]
[BlackTeam "Banja Luka"]
[WhiteTeamCountry "BIH"]
[BlackTeamCountry "BIH"]

1. d4 d5 2. Nf3 Nf6 3. Bf4 c5 4. c3 Nc6 5. e3 Qb6 6. Qb3 c4 7. Qxb6 axb6 8. Nbd2 b5 9. Be2 Bf5 10. 0-0 e6 11. a3 h6 12. h3 Be7 13. Ne5 0-0 14. Nxc6 bxc6 15. g4 Bg6 16. f3 c5 17. Kg2 1/2-1/2

[Event "BIH-chT 13th"]
[Site "Neum"]
[Date "2014.06.10"]
[Round "4.1"]
[White "Hadziselimovic, Bernardina"]
[Black "Bilic, Vladimir"]
[Result "0-1"]
[WhiteElo "1909"]
[BlackElo "2308"]
[PlyCount "90"]
[EventDate "2014.06.07"]
[EventType "team-tourn"]
[EventRounds "9"]
[EventCountry "BIH"]
[SourceTitle "CBM 160 Extra"]
[Source "ChessBase"]
[SourceDate "2014.07.01"]
[SourceVersion "1"]
[SourceVersionDate "2014.07.01"]
[SourceQuality "1"]
[WhiteTeam "Busovaca Hrasno"]
[BlackTeam "Sokolac"]
[WhiteTeamCountry "BIH"]
[BlackTeamCountry "BIH"]

1. e4 e6 2. Qe2 c5 3. g3 Nc6 4. c3 g6 5. Bg2 Bg7 6. f4 Nge7 7. Nf3 0-0 8. 0-0 d6 9. d3 b5 10. Be3 Rb8 11. e5 b4 12. exd6 Qxd6 13. Qf2 bxc3 14. bxc3 Qxd3 15. Bxc5 Rd8 16. Ne5 Qa6 17. Na3 Bb7 18. Rab1 Nxe5 19. fxe5 Nf5 20. Bxb7 Rxb7 21. Rxb7 Qxb7 22. g4 Nh6 23. Qf4 Qb2 24. Bd6 Qxc3 25. Kg2 Rc8 26. Rf2 Qc6+ 27. Kg3 Qh1 28. Rc2 Qe1+ 29. Kh3 Rc3+ 30. Rxc3 Qxc3+ 31. Qg3 Qd4 32. Qf3 Bf8 33. Nb5 Qc4 34. Nxa7 f5 35. gxf5 Nxf5 36. Bxf8 Kxf8 37. Nc6 Qxa2 38. Nd4 Qd5 39. Qa3+ Ne7 40. Qb4 Qxe5 41. Nc6 Qe3+ 42. Kg2 Qe2+ 43. Kg3 Qd3+ 44. Kf2 Qc2+ 45. Kg1 Qxc6 0-1

[Event "BIH-chT 13th"]
[Site "Neum"]
[Date "2014.06.08"]
[Round "2.2"]
[White "Sadikovic, Jasmin"]
[Black "Bilic, Vladimir"]
[Result "1/2-1/2"]
[WhiteElo "2073"]
[BlackElo "2308"]
[PlyCount "50"]
[EventDate "2014.06.07"]
[EventType "team-tourn"]
[EventRounds "9"]
[EventCountry "BIH"]
[SourceTitle "CBM 160 Extra"]
[Source "ChessBase"]
[SourceDate "2014.07.01"]
[SourceVersion "1"]
[SourceVersionDate "2014.07.01"]
[SourceQuality "1"]
[WhiteTeam "Gorazde"]
[BlackTeam "Sokolac"]
[WhiteTeamCountry "BIH"]
[BlackTeamCountry "BIH"]

1. e4 e6 2. d4 d5 3. exd5 exd5 4. Bd3 Bd6 5. Ne2 Nf6 6. Bg5 0-0 7. 0-0 Bxh2+ 8. Kh1 Bd6 9. f3 Re8 10. Nbc3 c6 11. Qd2 Nbd7 12. g3 h6 13. Bf4 Nf8 14. Kg2 Bxf4 15. Nxf4 Bd7 16. Nce2 Qc7 17. Rh1 Qd6 18. Rh2 Ne6 19. Rah1 Nxf4+ 20. Nxf4 Qe7 21. Rxh6 gxh6 22. Nxd5 Nxd5 23. Qxh6 Qf6 24. Bh7+ Kh8 25. Bg6+ Kg8 1/2-1/2

[Event "BIH-chT 12th"]
[Site "Sarajevo"]
[Date "2013.06.23"]
[Round "9.5"]
[White "Bilic, Vladimir"]
[Black "Mehmedovic, Mirza"]
[Result "1-0"]
[WhiteElo "2290"]
[BlackElo "2225"]
[PlyCount "71"]
[EventDate "2013.06.15"]
[EventType "team-tourn"]
[EventRounds "9"]
[EventCountry "BIH"]
[SourceTitle "CBM 155 Extra"]
[Source "ChessBase"]
[SourceDate "2013.08.26"]
[SourceVersion "1"]
[SourceVersionDate "2013.08.26"]
[SourceQuality "1"]
[WhiteTeam "Sokolac Glasinac"]
[BlackTeam "Sarajevo Zeljeznicar"]
[WhiteTeamCountry "BIH"]
[BlackTeamCountry "BIH"]

1. e4 c6 2. d4 g6 3. Nf3 d5 4. Nbd2 Bg4 5. c3 e6 6. Qb3 Qb6 7. Ne5 Qxb3 8. axb3 Bh5 9. exd5 exd5 10. g4 f6 11. gxh5 fxe5 12. dxe5 g5 13. h3 Bg7 14. Nf3 h6 15. Bd3 Ne7 16. 0-0 0-0 17. Kg2 Nd7 18. Re1 Nc5 19. Bc2 Nf5 20. Re2 Ne6 21. Ra4 Ne7 22. Rg4 Rxf3 23. Kxf3 Rf8+ 24. Kg2 Nf5 25. f4 gxf4 26. Bxf4 Kh8 27. Bd2 c5 28. Rf2 Ne7 29. Rxf8+ Bxf8 30. b4 c4 31. Bg6 Kg7 32. Be8+ Kh7 33. Be3 b6 34. Bf7 Nd8 35. e6 Bg7 36. b5 1-0

[Event "BIH-chT 12th"]
[Site "Sarajevo"]
[Date "2013.06.20"]
[Round "6.3"]
[White "Mrndjic, Muamer"]
[Black "Bilic, Vladimir"]
[Result "0-1"]
[WhiteElo "2279"]
[BlackElo "2290"]
[PlyCount "116"]
[EventDate "2013.06.15"]
[EventType "team-tourn"]
[EventRounds "9"]
[EventCountry "BIH"]
[SourceTitle "CBM 155 Extra"]
[Source "ChessBase"]
[SourceDate "2013.08.26"]
[SourceVersion "1"]
[SourceVersionDate "2013.08.26"]
[SourceQuality "1"]
[WhiteTeam "Sarajevo Alpong"]
[BlackTeam "Sokolac Glasinac"]
[WhiteTeamCountry "BIH"]
[BlackTeamCountry "BIH"]

1. d4 d5 2. Nf3 Nf6 3. c4 c6 4. e3 Bf5 5. Nc3 e6 6. Nh4 Bg6 7. Qe2 Nbd7 8. g3 Be7 9. Nxg6 hxg6 10. Bg2 0-0 11. 0-0 a6 12. Rd1 b5 13. b3 bxc4 14. bxc4 Qa5 15. Bd2 Bb4 16. Rdc1 Nb6 17. cxd5 cxd5 18. Rab1 Rab8 19. a3 Qxa3 20. Ra1 Qb3 21. Bf1 a5 22. Qe1 Nc4 23. Rab1 Nxd2 24. Qxd2 Bxc3 25. Qd3 Qa2 26. Rxb8 Rxb8 27. Qxc3 Ne4 28. Qe1 Qd2 29. Qxd2 Nxd2 30. Bd3 Rb3 31. Rc8+ Kh7 32. Bc2 Rb2 33. h4 Ra2 34. h5 a4 35. hxg6+ fxg6 36. Kg2 Nc4 37. Bd3 Nxe3+ 38. Kf3 Nd1 39. Bc2 Ra3+ 40. Ke2 Nc3+ 41. Ke3 Ne4+ 42. Ke2 Nd6 43. Rb8 Ra2 44. Kd3 Ne4 45. Rf8 a3 46. g4 Ra1 47. Ke2 a2 48. Ra8 Rg1 49. Bxe4 a1Q 50. Rxa1 Rxa1 51. Bd3 Rg1 52. f3 Kh6 53. Kf2 Rd1 54. Ke2 Rh1 55. Ke3 Kg5 56. Be2 Ra1 57. f4+ Kh4 58. g5 Kg3 0-1